000 00443nam a22001697a 4500
005 20260204115013.0
008 260204b |||||||| |||| 00| 0 eng d
020 _a978-0-1241-0409-9
100 _aSCOTT, MICHAEL L.
245 _aPROGRAMMING LANGUAGE PRAGMATICS
250 _a4TH ED
260 _aNEW YORK
_bELSEVIER
_c2016
300 _aXXXII,956P.
500 _aINCLUDES AN INDEX
650 _aPROGRAMMING LANGUAGES
942 _2lcc
_cBK
999 _c216534
_d216534